000 01340cad a22002295a 4500
001 L141688
008 071213s2007 xxkad f s 000 0 eng d
035 _a(Sirsi) u141688
041 0 _aeng
050 0 4 _a333.33 $2 18
110 2 _aGVA Grimley
_93646
245 0 0 _aEuropean office market review
_bAutumn 2007
_h[electronic resource]
260 _aLondon
_GVA Grimley
_c2007
490 0 _aGVA Grimley European Office Market Review
_vAutumn 2007
520 _aReports that during the first half of 2007 EU economic growth was strong, with an annualised growth rate of just over 3%. Demand for office space remained strong in most countries. Finds strong occupier demand and a shortage of good quality office stock in a number of markets, especially in the Baltic countries. Vacancy rates in most cities have continued to decline, and in many cases, rents have been rising. Rental growth has been particularly strong in London, Stockholm, Moscow and Warsaw. Development activity has increased in a number of cities, notably in London.
590 _aKA
650 2 4 _aGVA GRIMLEY EUROPEAN OFFICE MARKET REVIEW
651 4 _aEurope
690 _aPROPERTY-COMMERCIAL PROPERTY-COMMERCIAL PROPERTY MARKET
856 4 0 _uhttps://www.gvagrimley.co.uk/
_zView this report free of charge under research at www.gvagrimley.co.uk...
942 _n0
999 _c107737
_d107737